CONTRACT AND SPECIFIC RELIEF (Record no. 5704)

MARC details
000 -LEADER
fixed length control field 00320nam a22001337a 4500
005 - DATE AND TIME OF LATEST TRANSACTION
control field 20180628203016.0
008 - FIXED-LENGTH DATA ELEMENTS--GENERAL INFORMATION
fixed length control field 180628b xxu||||| |||| 00| 0 eng d
041 ## - LANGUAGE CODE
Language code of text/sound track or separate title eng
100 ## - MAIN ENTRY--AUTHOR NAME
Personal name SINGH AVTAR
245 ## - TITLE STATEMENT
Title CONTRACT AND SPECIFIC RELIEF
260 ## - PUBLICATION, DISTRIBUTION, ETC. (IMPRINT)
Place of publication LUCKNOW
Name of publisher E.B.C.(P) LTD
Year of publication 2018
300 ## - PHYSICAL DESCRIPTION
Number of Pages 984p,
942 ## - ADDED ENTRY ELEMENTS (KOHA)
Koha item type Books
Holdings
Lost status Damaged status Collection code Home library Current library Shelving location Date acquired Cost, normal purchase price Accession Number Koha item type
    LAW JRU Library JRU Library SHELF-29-C 28/06/2018 695.00 22356 Books
    LAW JRU Library JRU Library SHELF-29-C 28/06/2018 695.00 22357 Books
    LAW JRU Library JRU Library SHELF-29-C 28/06/2018 695.00 22358 Books
    LAW JRU Library JRU Library SHELF-29-C 28/06/2018 695.00 22359 Books
    LAW JRU Library JRU Library SHELF-29-C 28/06/2018 695.00 22360 Books
    LAW JRU Library JRU Library SHELF-29-C 28/06/2018 695.00 22361 Books